[Event "ROM-ch U08"]
[Site "Calimanesti"]
[Date "2013.04.03"]
[Round "2"]
[White "Ionita, Stefan"]
[Black "Ardeleanu Chirica, Matei"]
[Result "1-0"]
[WhiteElo "1222"]
[BlackElo "1026"]
[PlyCount "101"]
[EventDate "2013.04.02"]
[EventType "swiss"]
[EventRounds "9"]
[EventCountry "ROU"]
[SourceTitle "CBM 153 Extra"]
[Source "ChessBase"]
[SourceDate "2013.04.22"]
[SourceVersion "1"]
[SourceVersionDate "2013.04.22"]
[SourceQuality "1"]

1. e4 c6 2. d4 d5 3. exd5 cxd5 4. Bd3 Nc6 5. c3 Nf6 6. h3 g6 7. Nf3 Bg7 8. 0-0 Be6 9. Bg5 h6 10. Bxf6 Bxf6 11. Re1 Bg7 12. Nbd2 0-0 13. Bxg6 fxg6 14. Rxe6 Rf6 15. Rxf6 exf6 16. Qc2 g5 17. c4 Rc8 18. c5 Qd7 19. Re1 Re8 20. Rxe8+ Qxe8 21. Qb3 Qf7 22. Nf1 f5 23. Ne3 Bxd4 24. Nxd4 Nxd4 25. Qxd5 Qxd5 26. Nxd5 Kf7 27. Kf1 Ke6 28. Nc3 Kd7 29. a3 Kc6 30. b4 Nc2 31. Nb1 Kb5 32. Ke2 Ka4 33. Kd2 Nxa3 34. Nxa3 Kxa3 35. Kc3 Ka4 36. Kc4 b6 37. c6 b5+ 38. Kc5 a5 39. bxa5 b4 40. a6 b3 41. a7 b2 42. a8Q+ Kb3 43. Qb7+ Kc2 44. c7 b1Q 45. Qxb1+ Kxb1 46. c8Q f4 47. Kd4 h5 48. Kd3 g4 49. Qc2+ Ka1 50. Kc3 g3 51. Qb2# 1-0